Design and Implementation of Dual Channel Flexible RF Spine Coil for Low Tesla MRI / (Record no. 592864)

000 -LEADER
fixed length control field 00526nam a22001577a 4500
003 - CONTROL NUMBER IDENTIFIER
control field NUST
082 ## - DEWEY DECIMAL CLASSIFICATION NUMBER
Classification number 200
100 ## - MAIN ENTRY--PERSONAL NAME
Personal name Khan, Abdul Salam
245 ## - TITLE STATEMENT
Title Design and Implementation of Dual Channel Flexible RF Spine Coil for Low Tesla MRI /
Statement of responsibility, etc. Abdul Salam Khan
264 ## - PRODUCTION, PUBLICATION, DISTRIBUTION, MANUFACTURE, AND COPYRIGHT NOTICE
Place of production, publication, distribution, manufacture Islamabad :
Name of producer, publisher, distributor, manufacturer SEECS, NUST,
Date of production, publication, distribution, manufacture, or copyright notice 2022.
300 ## - PHYSICAL DESCRIPTION
Extent 79 p. ;
650 ## - SUBJECT ADDED ENTRY--TOPICAL TERM
Topical term or geographic name entry element MS-Electrical Engineering
700 ## - ADDED ENTRY--PERSONAL NAME
Personal name Supervisor: Dr. Hammad M. Cheema
856 ## - ELECTRONIC LOCATION AND ACCESS
Uniform Resource Identifier <a href="http://10.250.8.41:8080/xmlui/handle/123456789/31669">http://10.250.8.41:8080/xmlui/handle/123456789/31669</a>
942 ## - ADDED ENTRY ELEMENTS (KOHA)
Source of classification or shelving scheme
Koha item type Soft Copy
Holdings
Withdrawn status Permanent Location Current Location Shelving location Date acquired Full call number Barcode Koha item type
  Central Library (CL) Central Library (CL) Thesis 12/30/2022 200 CL-T-6682 Soft Copy
© 2023 Central Library, National University of Sciences and Technology. All Rights Reserved.